Sports Authors Quiz Stats

 Plays Quiz Updated Mar 31, 2020

     
Support Sporcle.
Go Orange.
Score 0/18 Timer 05:00
2 Plays Today
Work Author % Correct
JuicedJose Canseco
66.4%
The Book of Basketball: The NBA According to The Sports Guy Bill Simmons
59.8%
It's Not About the BikeLance Armstrong
45.1%
MoneyballMichael Lewis
40.1%
Good Walk SpoiledJohn Feinstein
28.8%
Friday Night LightsH.G. Bissinger
25.4%
Open: An Autobiography OpenAndre Agassi
24.5%
Summer of '49David Halberstam
23.6%
Fever PitchNick Hornby
22.2%
Work Author % Correct
Missing LinksRick Reilly
19%
Dead Solid PerfectDan Jenkins
7.4%
The Bad Guys WonJeff Pearlman
7.3%
Meat MarketBruce Feldman
4.1%
The Greatest Game Ever PlayedMark Frost
3.3%
The Downhill LieCarl Hiaasen
2.5%
Golf in the KingdomMichael Murphy
2.5%
Opening DayJonathan Eig
2.4%
Final RoundsJames Dodson
1.9%

From the Vault

TV Show by Mural

by hatefulmissy

Someone really needs to paint a SporcleTV mural.
Remove Ads.
Support Sporcle.
Get the best of Sporcle when you Go Orange. This ad-free experience offers more features, more stats, and more fun while also helping to support Sporcle. Thank you for becoming a member.

Show Comments

Extras

Top Quizzes Today


Score Distribution

Your Account Isn't Verified!

In order to create a playlist on Sporcle, you need to verify the email address you used during registration. Go to your Sporcle Settings to finish the process.

Report this User

Report this user for behavior that violates our Community Guidelines.

Details: